Darkest hours: A nausative encyclopedia of worldwide disasters from ancient times to the present (Record no. 32157)

MARC details
000 -LEADER
fixed length control field 00339nam a2200109Ia 4500
082 ## - DEWEY DECIMAL CLASSIFICATION NUMBER
Classification number 614.8
Item number NAS
100 ## - MAIN ENTRY--AUTHOR NAME
Personal name Nash, Jay Robert
245 #0 - TITLE STATEMENT
Title Darkest hours: A nausative encyclopedia of worldwide disasters from ancient times to the present
260 ## - PUBLICATION, DISTRIBUTION, ETC. (IMPRINT)
Place of publication New York
Name of publisher Pocket
Year of publication 1977
942 ## - ADDED ENTRY ELEMENTS (KOHA)
Koha item type Books
Holdings
Withdrawn status Lost status Damaged status Not for loan Home library Current library Date acquired Cost, normal purchase price Full call number Accession Number Koha item type
        RRII Library RRII Library 16/12/2021 8.95 614.8 NAS 12679 Books